LEADER 01092naa a2200253 u 4500 001 000000094477 003 CaOOAMICUS 005 20070226130138.0 008 040430s1969 fr u000 u fre u 035 $a10992807 040 $aIAR$bita 100 1 $aForeville, Raymonde,$d1904-$0(OLS)http://pul/name/2919 245 10$aInnocent III et la croisade des Albigeois /$cRaymonde Foreville. 260 $aToulouse :$bPrivat,$c1969. 300 $aS. 184-217, ;$c18 cm 600 04$aInnocentius PP.$bIII,$dc. 1161-1216.$0(OLS)http://pul/subject/2590 773 0 $aPaix de Dieu et guerre sainte en Languedoc au XIIIe siècle. 773 0 $tPaix de Dieu et guerre sainte en Languedoc au XIIIe siècle$w()645 960 $aPapi (1198-1216 : Innocentius PP. III)$92590 960 $aPapi (1198-1216 : Innocentius PP. III)$92590 960 $aInnocenzo$bIII,$cpapa,$dc. 1161-1216$92590 960 $aLotario dei conti di Segni,$dc. 1161-1216$92590 996 $6245$aInnocent III et la croisade des Albigeois$9(OLS)http://pul/title/121345 996 $6260$aToulouse :$bPrivat$9(OLS)http://pul/publisher/48246 LEADER 01356nam a2200301 u 4500 001 000000073043 003 CaOOAMICUS 005 20070226122316.0 008 020626r19731863gw u000 u ger u 020 $a3511046947 035 $a10934819 040 $aPUL(R)$bita 110 1 $aGermania.$0(OLS)http://pul/name/28094 240 10$aLeggi, ecc.$9(Germania).$0(OLS)http://pul/title/50995 245 10$aBürgerliches Gesetzbuch für das Königreich Sachen von 1863/1865. 260 $aAalen :$bScientia,$c1973. 300 $a317 p. ;$c23 cm 490 1 $aNeudrucke privatrechtlicher Kodifikationen und Entwürfe des 19. Jahrhunderts ;$vBd. 4 500 $aRist. anast. dell'ed. 1863. 650 4$aDiritto privato$zGermania.$0(OLS)http://pul/subject/15287 830 0$aNeudrucke privatrechtlicher Kodifikationen und Entwürfe des 19. Jahrhunderts ;$vBd. 4.$0(OLS)http://pul/title/51803 850 $aPUL 852 $aPUL$W1$xDP1 Cons. Gen., Altre Classi 1$y22$m829 G 21$j94438$nBK-PRI$b $qStampati$B94438$CPULBib$Z2$F94438 $H $81 941 1 $a8 961 $aINV: 59332 996 $6020$a3511046947$9(OLS)http://pul/number/47567 996 $6245$aBürgerliches Gesetzbuch für das Königreich Sachen von 1863/1865$9(OLS)http://pul/title/96054 996 $6260$aAalen :$bScientia$9(OLS)http://pul/publisher/52277